000
00342nam a2200133Ia 4500
008
240624s9999 xx 000 0 und d
041
_a
eng
082
_a
519 GUP
100
_a
GUPTA PARMANAND
245
_a
COMPREHENSIVE MATHEMATICS
260
_a
Bangalore
_b
Laxmi Publications (P) Ltd.
300
_a
xii, : 1354 : p. : cm. ; 24
365
_c
RS
999
_c
8885
_d
8885